Đặc điểm ngữ nghĩa của các động từ tình thái nhận thức - phản thực hữu và động từ tình thái nhận thức - không thực hữu /
Guardat en:
| Autor principal: | |
|---|---|
| Format: | Article |
| Idioma: | Vietnamese |
| Matèries: | |
| Etiquetes: |
Afegir etiqueta
Sense etiquetes, Sigues el primer a etiquetar aquest registre!
|
| Thư viện lưu trữ: | Thư viện Trường Đại học Đà Lạt |
|---|
| LEADER | 00871nam a2200277 4500 | ||
|---|---|---|---|
| 001 | DLU060052593 | ||
| 040 | # | # | |a DLU |b vie |
| 041 | # | # | |a vie |
| 044 | # | # | |a vn |
| 100 | # | # | |a Bùi Trọng Ngoãn |
| 245 | # | # | |a Đặc điểm ngữ nghĩa của các động từ tình thái nhận thức - phản thực hữu và động từ tình thái nhận thức - không thực hữu / |c Bùi Trọng Ngoãn |
| 653 | # | # | |a Động từ |
| 653 | # | # | |a Động từ tình thái |
| 653 | # | # | |a Cấu trúc ngữ pháp |
| 773 | # | # | |t Ngôn ngữ |g Số 4, 2004, tr.36-45 |
| 920 | # | # | |a Phòng Tạp chí -- Trung tâm Thông tin - Thư viện Trường Đại học Đà Lạt |
| 933 | # | # | |a CT, TN |
| 994 | # | # | |a DLU |
| 900 | # | # | |a True |
| 911 | # | # | |a Nguyễn Thị Yên |
| 925 | # | # | |a G |
| 926 | # | # | |a A |
| 927 | # | # | |a BB |
| 980 | # | # | |a Thư viện Trường Đại học Đà Lạt |